000 00642cam a22002412 4500
001 32053
003 BD-RjUL
005 20211209051801.0
008 140423t1959 enk 001 0 eng d
035 _a(BD-RjUL)32142
040 _aVZJ
_cVZJ
_dOCL
_dEQO
_dBD-RjUL
_beng
041 _aeng
082 0 4 _a291.422
_bVAP 1959
100 1 _aVann, Gerald,
_d1906-1963.
_997556
245 1 4 _aThe paradise tree /
_cby Gerald Vann.
260 _aLondon :
_bCollins,
_c1959.
300 _a320 p. ;
_c22 cm.
504 _aincludes index.
650 0 _aMysticism
_997557
650 0 _aSacraments
_972810
650 0 _aSymbolism
_997558
942 _2ddc
_cBK
999 _c32053
_d32053